Memphis Grizzlies Triple Double - Statistics

General Stats
  • This quiz has been taken 114 times
    5 since last reset
  • The average score is 8 of 18
Answer Stats
Player Nb Last % Correct
Ja Morant 12 2024
100%
Marc Gasol 5 2019
100%
Pau Gasol 2 2007
100%
Zach Randolph 1 2016
100%
Desmond Bane 1 2025
75%
Tyus Jones 1 2023
75%
Jonas Valančiūnas 1 2020
50%
Kyle Anderson 1 2019
50%
Mike Bibby 1 2000
50%
Mike Miller 1 2006
50%
Rayan Rupert 1 2026
25%
Shareef Abdur-Rahim 1 1997
25%
Blue Edwards 1 1996
0%
Delon Wright 3 2019
0%
Jahmai Mashack 1 2026
0%
John Konchar 1 2022
0%
Matt Barnes 1 2016
0%
Scotty Pippen Jr. 1 2024
0%
No matching quizzes found
Score Distribution
Percent of People with Each Score
Percentile by Number Answered
Your Score History
You have not taken this quiz since the last reset